[Event "Skakligaen 2023-24"]
[Site "Denmark"]
[Date "2024.01.28"]
[Round "6.5"]
[Board "5"]
[White "Hansen, Lars"]
[Black "Istvanovszki, Martin"]
[Result "0-1"]
[WhiteElo "2226"]
[BlackElo "2330"]
[PlyCount "104"]
[WhiteTeam "SK1968"]
[BlackTeam "Koge"]
[EventDate "2023.10.28"]
[EventType "team-tourn"]
[EventRounds "9"]
[EventCountry "DEN"]
[SourceTitle "Live v. Kasper Jerwiarz"]
[Table "5"]

1. d4 c5 2. dxc5 e6 3. Nf3 Nf6 4. e3 Bxc5 5. a3 b6 
6. c4 Bb7 7. Nbd2 Be7 8. b3 d6 9. Bb2 Nbd7 10. Be2 Qc7 
11. O-O O-O 12. Qc2 Rac8 13. Rac1 Rfd8 14. Qb1 Qb8 15. Rfd1 Qa8 
16. Qa1 Nc5 17. Qb1 Nce4 18. Nxe4 Nxe4 19. Ne1 Rc5 20. f3 Rg5 
21. Qc2 Nf6 22. e4 h5 23. Bd4 h4 24. Be3 Rg6 25. Bf1 e5 
26. Nd3 Nh5 27. Qf2 Rf8 28. Qc2 Qc8 29. Nf2 Qe6 30. b4 Bg5 
31. Bxg5 Rxg5 32. Qd2 Rg6 33. c5 dxc5 34. bxc5 bxc5 35. Qd7 Bc8 
36. Qxe6 Bxe6 37. Rxc5 Nf4 38. Rxe5 Nxg2 39. Rxe6 fxe6 40. Bxg2 Rxf3 
41. Rd8+ Kf7 42. Rd3 Rxd3 43. Nxd3 Rg5 44. Kf2 Ra5 45. Ke3 Rxa3 
46. Kd4 Ra2 47. Ne5+ Kf6 48. Bh3 Ra4+ 49. Nc4 e5+ 50. Kd5 Ra2 
51. Ne3 Ra3 52. Ng4+ Kg5 0-1

[Event "Skakligaen 2023-24"]
[Site "Denmark"]
[Date "2024.01.28"]
[Round "6.6"]
[Board "6"]
[White "Meskenas, Paulius"]
[Black "Rewitz, Poul"]
[Result "1-0"]
[WhiteElo "2202"]
[BlackElo "2221"]
[PlyCount "103"]
[WhiteTeam "Koge"]
[BlackTeam "SK1968"]
[EventDate "2023.10.28"]
[EventType "team-tourn"]
[EventRounds "9"]
[EventCountry "DEN"]
[SourceTitle "Live v. Kasper Jerwiarz"]
[Table "6"]

1. e4 c6 2. d4 d5 3. e5 Bf5 4. Nf3 e6 5. Be2 Ne7 
6. O-O Nd7 7. Be3 Bg6 8. h3 Nf5 9. Bf4 Be7 10. Qd2 O-O 
11. Re1 c5 12. c4 dxc4 13. dxc5 Nxc5 14. Bxc4 Qxd2 15. Nbxd2 Rfd8 
16. Nb3 Nd3 17. Bxd3 Rxd3 18. Rac1 Bb4 19. Re4 Bf8 20. Rec4 b6 
21. Rc7 Ne7 22. Bd2 Rdd8 23. Bg5 Re8 24. Nbd4 Nd5 25. Rd7 h6 
26. Bd2 Red8 27. Rxd8 Rxd8 28. Nc6 Ra8 29. b4 a6 30. Nfd4 Bd3 
31. g4 g5 32. Kg2 Rc8 33. Kg3 Kh7 34. a3 Bg7 35. h4 gxh4+ 
36. Kxh4 Bb5 37. Nxb5 axb5 38. f4 Ra8 39. Ra1 f6 40. g5 hxg5+ 
41. fxg5 fxe5 42. Re1 Rxa3 43. Nxe5 Ne7 44. Kg4 Nf5 45. Bf4 Rb3 
46. Nc6 Nd4 47. Nxd4 Bxd4 48. Rxe6 Rxb4 49. g6+ Kg8 50. Re8+ Kg7 
51. Kf5 Bf6 52. Bd6 1-0

[Event "Skakligaen 2023-24"]
[Site "Denmark"]
[Date "2024.01.28"]
[Round "6.8"]
[Board "8"]
[White "Nord, Alexander"]
[Black "Pedersen, Gunnar"]
[Result "1-0"]
[WhiteElo "2209"]
[BlackElo "2201"]
[PlyCount "95"]
[WhiteTeam "Koge"]
[BlackTeam "SK1968"]
[EventDate "2023.10.28"]
[EventType "team-tourn"]
[EventRounds "9"]
[EventCountry "DEN"]
[SourceTitle "Live v. Kasper Jerwiarz"]
[Table "8"]

1. e4 c5 2. Nf3 e6 3. g3 d5 4. exd5 exd5 5. d4 Nc6 
6. Bg2 Nf6 7. O-O Be7 8. dxc5 O-O 9. a3 Bxc5 10. b4 Bb6 
11. Nc3 Bg4 12. Na4 Bc7 13. h3 Bh5 14. Bb2 Ne4 15. Re1 Re8 
16. Qd3 Bg6 17. Qb3 Qd6 18. Rad1 Nxf2 19. Kxf2 Qxg3+ 20. Kf1 Be4 
21. Re2 Re6 22. Rf2 Rae8 23. Nc5 Rg6 24. Nxe4 dxe4 25. Nh4 Qxb3 
26. cxb3 Rd6 27. Rxd6 Bxd6 28. Re2 e3 29. Nf5 Bf4 30. Bxc6 bxc6 
31. Bd4 g6 32. Nxe3 Rd8 33. Nc2 a6 34. Kg2 Bg5 35. Kf3 f5 
36. Re6 Rc8 37. Bc5 Kf7 38. Nd4 Bf6 39. Rxc6 Rd8 40. Ne2 Rd3+ 
41. Kg2 Rxb3 42. Rxa6 g5 43. Nd4 Rb2+ 44. Kf3 f4 45. Ke4 Rh2 
46. Kf5 Bxd4 47. Bxd4 Rxh3 48. Ke4 1-0

[Event "Skakligaen 2023-24"]
[Site "Denmark"]
[Date "2024.01.28"]
[Round "6.1"]
[Board "1"]
[White "Rasmussen, Allan Stig"]
[Black "Hillarp Persson, Tiger"]
[Result "1/2-1/2"]
[WhiteElo "2500"]
[BlackElo "2491"]
[PlyCount "98"]
[WhiteTeam "Frem"]
[BlackTeam "Bronshoj"]
[EventDate "2023.10.28"]
[EventType "team-tourn"]
[EventRounds "9"]
[EventCountry "DEN"]
[SourceTitle "Live v. Kasper Jerwiarz"]
[Table "1"]

1. d4 Nf6 2. c4 e6 3. Nf3 d5 4. g3 Bb4+ 5. Bd2 Be7 
6. Bg2 c6 7. O-O Nbd7 8. Qc2 Ne4 9. Bf4 g5 10. Bc1 f5 
11. Nfd2 Nd6 12. b4 Bf6 13. Bb2 b5 14. c5 Nc4 15. Nxc4 bxc4 
16. Nd2 Rb8 17. Bc3 O-O 18. a4 Qe7 19. e3 Bb7 20. b5 Rbc8 
21. f4 Qg7 22. Rac1 Kh8 23. Nf3 g4 24. Ne5 Nxe5 25. fxe5 Be7 
26. Kf2 Rg8 27. Rh1 Rcf8 28. Bd2 Qf7 29. Ke2 cxb5 30. axb5 a6 
31. bxa6 Bxa6 32. Ra1 Ra8 33. Kf2 Bb5 34. Rhb1 Bc6 35. Qc1 Qe8 
36. Rb6 Qd7 37. Bf1 Kg7 38. Be2 h5 39. h4 Rxa1 40. Qxa1 Ra8 
41. Ra6 Qb7 42. Rxa8 Qxa8 43. Qxa8 Bxa8 44. Bd1 Bc6 45. Bc3 Kf7 
46. Ke2 Bd8 47. Kd2 Ke7 48. Bc2 Kd7 49. Bd1 Kc8 1/2-1/2

[Event "Skakligaen 2023-24"]
[Site "Denmark"]
[Date "2024.01.28"]
[Round "6.2"]
[Board "2"]
[White "Bromann, Thorbjorn"]
[Black "Hansen, Mads"]
[Result "0-1"]
[WhiteElo "2367"]
[BlackElo "2398"]
[PlyCount "130"]
[WhiteTeam "Bronshoj"]
[BlackTeam "Frem"]
[EventDate "2023.10.28"]
[EventType "team-tourn"]
[EventRounds "9"]
[EventCountry "DEN"]
[SourceTitle "Live v. Kasper Jerwiarz"]
[Table "2"]

1. b3 e5 2. Bb2 Nc6 3. e3 g6 4. Bb5 Bg7 5. Nf3 Qe7 
6. O-O a6 7. Be2 f5 8. d4 e4 9. Nfd2 Nf6 10. c4 O-O 
11. Nc3 d6 12. a3 h5 13. Rc1 f4 14. Nd5 Nxd5 15. cxd5 fxe3 
16. fxe3 Nd8 17. Qc2 Bh6 18. Rxf8+ Kxf8 19. Rf1+ Nf7 20. Nxe4 Bf5 
21. Bd3 Bxe3+ 22. Kh1 Kg7 23. Nc3 Nh6 24. Nd1 Bg5 25. Nf2 Rf8 
26. Bxf5 Rxf5 27. h3 Bh4 28. Bc3 Qf7 29. Kg1 Rf4 30. Bd2 Bxf2+ 
31. Rxf2 Rxf2 32. Bxh6+ Kxh6 33. Qxf2 Qxd5 34. Qf8+ Kg5 35. Qe7+ Kf5 
36. Qd7+ Ke4 37. Qe8+ Kxd4 38. Qxg6 Qe5 39. Qc2 Qc5 40. Qd1+ Kc3+ 
41. Kh1 Kb2 42. Qf3 d5 43. Qe2+ Kxb3 44. Qxh5 Qc1+ 45. Kh2 Qf4+ 
46. Kh1 d4 47. Qd5+ Kc3 48. Qc5+ Kd3 49. g4 Ke2 50. Qc4+ Ke3 
51. Qc1+ Kf3 52. Qd1+ Kg3 53. Qg1+ Kxh3 54. Qg2+ Kh4 55. g5 d3 
56. g6 d2 57. Qe2 Qd4 58. Qd1 Qe4+ 59. Kh2 Qe1 60. Qa4+ Kh5 
61. g7 Qe5+ 62. Kh1 Qxg7 63. Qd1+ Qg4 64. Qxd2 Qh4+ 65. Kg2 Qg5+ 
0-1

[Event "Skakligaen 2023-24"]
[Site "Denmark"]
[Date "2024.01.28"]
[Round "6.3"]
[Board "3"]
[White "Dyrgaard, Kristoffer"]
[Black "Pilgaard, Kim"]
[Result "1/2-1/2"]
[WhiteElo "2251"]
[BlackElo "2384"]
[PlyCount "89"]
[WhiteTeam "Frem"]
[BlackTeam "Bronshoj"]
[EventDate "2023.10.28"]
[EventType "team-tourn"]
[EventRounds "9"]
[EventCountry "DEN"]
[SourceTitle "Live v. Kasper Jerwiarz"]
[Table "3"]

1. e4 e5 2. Nf3 Nc6 3. Bb5 a6 4. Ba4 Nf6 5. O-O Be7 
6. Re1 b5 7. Bb3 d6 8. c3 O-O 9. h3 Na5 10. Bc2 c5 
11. d4 Qc7 12. Nbd2 Bd7 13. Nf1 Rfe8 14. Ne3 g6 15. a4 cxd4 
16. cxd4 Nc6 17. axb5 Nxd4 18. Nxd4 exd4 19. Qxd4 axb5 20. Bd2 Qc5 
21. Bc3 Rxa1 22. Rxa1 Bc6 23. Rd1 Qxd4 24. Rxd4 Bf8 25. f3 Nd7 
26. Kf2 Rc8 27. Rd2 Nc5 28. Ng4 Nd7 29. Bb3 h5 30. Nf6+ Nxf6 
31. Bxf6 Be8 32. g4 hxg4 33. hxg4 Rc6 34. Bd5 Rc1 35. Bb3 Rc6 
36. g5 Bd7 37. Bd5 Rc1 38. e5 dxe5 39. Bxe5 Bc5+ 40. Ke2 Bh3 
41. f4 Bb4 42. Rd4 Bc5 43. Rd2 Bb4 44. Rd4 Bc5 45. Rd2 1/2-1/2

[Event "Skakligaen 2023-24"]
[Site "Denmark"]
[Date "2024.01.28"]
[Round "6.4"]
[Board "4"]
[White "Hoi, Carsten"]
[Black "Ostergreen Johansen, Torben"]
[Result "1-0"]
[WhiteElo "2295"]
[BlackElo "2160"]
[PlyCount "111"]
[WhiteTeam "Bronshoj"]
[BlackTeam "Frem"]
[EventDate "2023.10.28"]
[EventType "team-tourn"]
[EventRounds "9"]
[EventCountry "DEN"]
[SourceTitle "Live v. Kasper Jerwiarz"]
[Table "4"]

1. c4 e6 2. d4 d5 3. Nc3 c5 4. e3 Nf6 5. Nf3 a6 
6. a3 dxc4 7. Bxc4 b5 8. Ba2 Bb7 9. O-O Nbd7 10. d5 exd5 
11. Nxd5 Nxd5 12. Bxd5 Bxd5 13. Qxd5 Be7 14. a4 b4 15. b3 O-O 
16. Bb2 Qc7 17. Rac1 Rac8 18. e4 Nf6 19. Qc4 Qb7 20. Bxf6 Bxf6 
21. e5 Be7 22. e6 Bf6 23. Rfe1 Kh8 24. h3 h6 25. Ne5 Bxe5 
26. Rxe5 fxe6 27. Rxc5 Rxc5 28. Qxc5 Rd8 29. Re1 Qb8 30. Qe7 Qd6 
31. Qxe6 Qd2 32. Qe3 Qc2 33. Qf3 a5 34. g3 Qd2 35. Re5 Qd1+ 
36. Qxd1 Rxd1+ 37. Kg2 Rb1 38. Re3 Rb2 39. g4 g5 40. Kg3 Rb1 
41. f4 gxf4+ 42. Kxf4 Kg7 43. Rf3 Kg6 44. Ke4 Rb2 45. Kd4 Rb1 
46. Re3 Kf6 47. h4 Kg6 48. Kc4 Rc1+ 49. Kb5 Rc3 50. Re6+ Kg7 
51. Kxa5 Rxb3 52. Re4 Rh3 53. Kxb4 Rxh4 54. a5 Rh1 55. a6 Ra1 
56. Kb5 1-0

[Event "Skakligaen 2023-24"]
[Site "Denmark"]
[Date "2024.01.28"]
[Round "6.5"]
[Board "5"]
[White "Le Besq, Alexander"]
[Black "Palm, Nikolaj"]
[Result "0-1"]
[WhiteElo "2200"]
[BlackElo "2249"]
[PlyCount "154"]
[WhiteTeam "Frem"]
[BlackTeam "Bronshoj"]
[EventDate "2023.10.28"]
[EventType "team-tourn"]
[EventRounds "9"]
[EventCountry "DEN"]
[SourceTitle "Live v. Kasper Jerwiarz"]
[Table "5"]

1. e4 e5 2. Nf3 Nc6 3. Bb5 a6 4. Ba4 Nf6 5. O-O Be7 
6. Re1 b5 7. Bb3 d6 8. c3 O-O 9. h3 Na5 10. Bc2 c5 
11. d4 Qc7 12. Nbd2 Re8 13. d5 g6 14. b3 Nh5 15. Nf1 Bf6 
16. Ng3 Nf4 17. Ne2 Nxe2+ 18. Qxe2 Bd7 19. Rf1 Nb7 20. Be3 Reb8 
21. Qd2 a5 22. Ng5 Rf8 23. Kh2 Bg7 24. a3 Rae8 25. Rae1 Nd8 
26. b4 f6 27. Nf3 c4 28. Ng1 f5 29. exf5 gxf5 30. f4 axb4 
31. axb4 Nf7 32. Ra1 exf4 33. Bd4 Ne5 34. Ra7 Qb8 35. Qxf4 Rf7 
36. Bd1 Ng6 37. Qf2 Bxd4 38. Qxd4 Re4 39. Qf2 Qd8 40. Bf3 Re8 
41. Ne2 Qf6 42. Nd4 f4 43. Re1 Rxe1 44. Qxe1 Re7 45. Ne6 Bxe6 
46. Rxe7 Nxe7 47. dxe6 Kg7 48. Bb7 Qf5 49. Qd2 Qe5 50. Kg1 Kf6 
51. Kf2 Kxe6 52. Bf3 Kf6 53. Qe1 Qxe1+ 54. Kxe1 d5 55. Kd2 Ke5 
56. Bh5 Nf5 57. Be8 Nd6 58. Bc6 d4 59. Kc2 h6 60. Kb2 d3 
61. Kc1 Kf5 62. Kb2 Kg5 63. Kc1 Kh4 64. Kd2 Kg3 65. Ke1 h5 
66. Bf3 Nf5 67. Bc6 Ne3 68. Kd2 Nxg2 69. Bxb5 Ne3 70. Ba6 f3 
71. Kxe3 f2 72. Bxc4 f1=Q 73. Bxd3 Qf4+ 74. Ke2 Qf2+ 75. Kd1 Kxh3 
76. Be2 h4 77. c4 Kg3 0-1

[Event "Skakligaen 2023-24"]
[Site "Denmark"]
[Date "2024.01.28"]
[Round "6.6"]
[Board "6"]
[White "Junge, Ralph"]
[Black "Wilbrandt, Simon Pil"]
[Result "1/2-1/2"]
[WhiteElo "2263"]
[BlackElo "2122"]
[PlyCount "52"]
[WhiteTeam "Bronshoj"]
[BlackTeam "Frem"]
[EventDate "2023.10.28"]
[EventType "team-tourn"]
[EventRounds "9"]
[EventCountry "DEN"]
[SourceTitle "Live v. Kasper Jerwiarz"]
[Table "6"]

1. d4 Nf6 2. Bg5 Nc6 3. Bxf6 gxf6 4. e3 d5 5. c4 e5 
6. cxd5 Qxd5 7. Nc3 Bb4 8. a3 Bxc3+ 9. bxc3 Be6 10. Qa4 O-O-O 
11. Nf3 exd4 12. cxd4 Rhg8 13. Rc1 Rd6 14. Bc4 Qe4 15. Rg1 Kb8 
16. Qc2 f5 17. Qxe4 fxe4 18. Nd2 Bxc4 19. Rxc4 f5 20. g3 Rd5 
21. Ke2 Na5 22. Rc3 b6 23. Rgc1 Rg7 24. f3 Re7 25. fxe4 fxe4 
26. Rf1 Nb7 1/2-1/2

[Event "Skakligaen 2023-24"]
[Site "Denmark"]
[Date "2024.01.28"]
[Round "6.7"]
[Board "7"]
[White "Wiecker, Stefan"]
[Black "Holmsgaard, Henrik"]
[Result "0-1"]
[WhiteElo "2122"]
[BlackElo "2154"]
[PlyCount "79"]
[WhiteTeam "Frem"]
[BlackTeam "Bronshoj"]
[EventDate "2023.10.28"]
[EventType "team-tourn"]
[EventRounds "9"]
[EventCountry "DEN"]
[SourceTitle "Live v. Kasper Jerwiarz"]
[Table "7"]

1. e4 c5 2. Nc3 e6 3. Nf3 a6 4. d4 cxd4 5. Nxd4 Nc6 
6. Be3 Qc7 7. Be2 Nf6 8. O-O Be7 9. f4 d6 10. Qe1 O-O 
11. Nxc6 bxc6 12. g4 d5 13. e5 Nd7 14. Bf2 Bb7 15. g5 c5 
16. Bf3 Rfd8 17. h4 Nb6 18. b3 Rac8 19. Kh2 d4 20. Ne4 c4 
21. Rd1 Nd5 22. Rxd4 cxb3 23. cxb3 Nxf4 24. Nd6 Rxd6 25. exd6 Bxd6 
26. Bg3 Nd5 27. Rc4 Qd7 28. Rxc8+ Bxc8 29. Bxd6 Qxd6+ 30. Qg3 Qb6 
31. Rc1 Bd7 32. Bxd5 exd5 33. Qf4 h6 34. gxh6 Qe6 35. Qg3 g6 
36. Re1 Qf5 37. Re5 Qc2+ 38. Kg1 Bc6 39. h5 Qd1+ 40. Kf2 0-1

[Event "Skakligaen 2023-24"]
[Site "Denmark"]
[Date "2024.01.28"]
[Round "6.8"]
[Board "8"]
[White "Thuesen, Mogens Henrik"]
[Black "Ostergreen Johansen, Benjamin"]
[Result "1-0"]
[WhiteElo "2095"]
[BlackElo "1964"]
[PlyCount "57"]
[WhiteTeam "Bronshoj"]
[BlackTeam "Frem"]
[EventDate "2023.10.28"]
[EventType "team-tourn"]
[EventRounds "9"]
[EventCountry "DEN"]
[SourceTitle "Live v. Kasper Jerwiarz"]
[Table "8"]

1. d4 d5 2. c4 e6 3. Nc3 c5 4. cxd5 exd5 5. Nf3 Nf6 
6. g3 Nc6 7. Bg2 cxd4 8. Nxd4 Bc5 9. Nb3 Bb6 10. Nxd5 Be6 
11. e4 Bg4 12. Qd2 Nxd5 13. Qxd5 Qxd5 14. exd5 Nb4 15. O-O O-O 
16. Bd2 Nd3 17. Be3 Be2 18. Bxb6 axb6 19. Rfb1 Nb4 20. Nd4 Bc4 
21. a3 Na6 22. Rc1 Bd3 23. Rc3 Bg6 24. Rb3 Nc5 25. Rxb6 Ra4 
26. b4 Rfa8 27. bxc5 Rxd4 28. Rxb7 h6 29. h4 1-0

[Event "Skakligaen 2023-24"]
[Site "Denmark"]
[Date "2024.03.03"]
[Round "7.1"]
[Board "1"]
[White "Thybo, Jesper Sondergaard"]
[Black "Mikkelsen, Nikolaj"]
[Result "1-0"]
[WhiteElo "2542"]
[BlackElo "2481"]
[PlyCount "79"]
[WhiteTeam "Hillerod"]
[BlackTeam "BMS"]
[WhiteTeamCountry "DEN"]
[BlackTeamCountry "DEN"]
[EventDate "2023.10.28"]
[EventType "team-tourn"]
[EventRounds "9"]
[EventCountry "DEN"]
[SourceTitle "Jacob Pallesen"]
[Table "1"]

1. d4 d5 2. c4 e6 3. Nf3 a6 4. Bg5 Be7 5. Bxe7 Nxe7 
6. Nbd2 Nd7 7. g3 O-O 8. Bg2 c5 9. Rc1 b6 10. O-O Bb7 
11. cxd5 Bxd5 12. e4 Bb7 13. Qe2 cxd4 14. Nxd4 Rc8 15. Nc4 Qc7 
16. Nb3 Qb8 17. Rcd1 Rc7 18. Nd6 e5 19. Bh3 Nc5 20. Nxc5 bxc5 
21. b3 Nc6 22. Nxb7 Qxb7 23. Rd5 Nd4 24. Qd3 Qb5 25. Rd1 Qxd3 
26. Rxd3 f6 27. Kg2 Rb8 28. Rc3 Rb5 29. Bd7 Rbb7 30. Ba4 Rb4 
31. Rcxc5 Rxc5 32. Rxc5 Ne6 33. Rc8+ Kf7 34. Bc6 Ke7 35. Bd5 a5 
36. Ra8 Nc5 37. Rxa5 Kd6 38. Ra7 Rd4 39. Rxg7 Rd2 40. Rf7 1-0

[Event "Skakligaen 2023-24"]
[Site "Denmark"]
[Date "2024.03.03"]
[Round "7.2"]
[Board "2"]
[White "Haubro, Martin"]
[Black "Hansen, Sune Berg"]
[Result "1/2-1/2"]
[WhiteElo "2436"]
[BlackElo "2509"]
[PlyCount "68"]
[WhiteTeam "BMS"]
[BlackTeam "Hillerod"]
[WhiteTeamCountry "DEN"]
[BlackTeamCountry "DEN"]
[EventDate "2023.10.28"]
[EventType "team-tourn"]
[EventRounds "9"]
[EventCountry "DEN"]
[SourceTitle "Jacob Pallesen"]
[Table "2"]

1. e4 e5 2. Nf3 Nc6 3. Bb5 a6 4. Ba4 d6 5. c3 Bd7 
6. O-O Nge7 7. Re1 Ng6 8. d4 Be7 9. Be3 O-O 10. Nbd2 exd4 
11. cxd4 Nb4 12. Bb3 Bb5 13. Nf1 Nd3 14. Re2 Ndf4 15. Re1 Nd3 
16. Re2 Ndf4 17. Rd2 d5 18. Ne5 dxe4 19. Qg4 Qc8 20. Qxc8 Raxc8 
21. Nxg6 Nxg6 22. Bd5 c6 23. Bb3 Bb4 24. Rdd1 Ne7 25. Ng3 Nd5 
26. Nxe4 Nxe3 27. fxe3 Rce8 28. Bc2 f5 29. Bb3+ Kh8 30. Ng5 Rxe3 
31. Nf7+ Kg8 32. Nh6+ Kh8 33. Nf7+ Kg8 34. Nh6+ Kh8 1/2-1/2

[Event "Skakligaen 2023-24"]
[Site "Denmark"]
[Date "2024.03.03"]
[Round "7.3"]
[Board "3"]
[White "Schandorff, Lars"]
[Black "Kistrup, Nicolai"]
[Result "1-0"]
[WhiteElo "2472"]
[BlackElo "2324"]
[PlyCount "75"]
[WhiteTeam "Hillerod"]
[BlackTeam "BMS"]
[WhiteTeamCountry "DEN"]
[BlackTeamCountry "DEN"]
[EventDate "2023.10.28"]
[EventType "team-tourn"]
[EventRounds "9"]
[EventCountry "DEN"]
[SourceTitle "Jacob Pallesen"]
[Table "3"]

1. Nf3 d5 2. e3 Nf6 3. c4 e6 4. b3 Be7 5. Bb2 O-O 
6. Nc3 b6 7. cxd5 exd5 8. d4 Bb7 9. Bd3 a6 10. O-O Bd6 
11. Ne2 Qe7 12. Ng3 g6 13. Ne5 Ne4 14. Bxe4 dxe4 15. Qc2 f5 
16. Ne2 b5 17. a4 c5 18. Qc3 Re8 19. axb5 axb5 20. Rxa8 Bxa8 
21. Rd1 Qc7 22. h4 cxd4 23. exd4 Bd5 24. Rc1 Qxc3 25. Nxc3 Bxb3 
26. Nxb5 Bb4 27. Ba3 Bd2 28. Rb1 Bc2 29. Rb2 e3 30. fxe3 Bxe3+ 
31. Kh1 Ba4 32. Nd6 Rd8 33. Nef7 Rf8 34. Nc4 Kxf7 35. Bxf8 Bxd4 
36. Rxb8 Bc6 37. Bh6 Bd5 38. Rd8 1-0

[Event "Skakligaen 2023-24"]
[Site "Denmark"]
[Date "2024.03.03"]
[Round "7.4"]
[Board "4"]
[White "Jacobsen, Mikkel Manosri"]
[Black "Percivaldi, Martin"]
[Result "0-1"]
[WhiteElo "2367"]
[BlackElo "2390"]
[PlyCount "88"]
[WhiteTeam "BMS"]
[BlackTeam "Hillerod"]
[WhiteTeamCountry "DEN"]
[BlackTeamCountry "DEN"]
[EventDate "2023.10.28"]
[EventType "team-tourn"]
[EventRounds "9"]
[EventCountry "DEN"]
[SourceTitle "Jacob Pallesen"]
[Table "4"]

1. c4 e6 2. g3 d5 3. Bg2 d4 4. Nf3 c5 5. e3 Nc6 
6. exd4 cxd4 7. O-O Nf6 8. d3 Bd6 9. Bg5 h6 10. Bxf6 Qxf6 
11. Nbd2 Qe7 12. a3 a5 13. Rc1 O-O 14. Nb3 e5 15. Re1 Be6 
16. c5 Bc7 17. Nbd2 Qd7 18. Nc4 f6 19. Nfd2 a4 20. Ne4 Bd5 
21. Bf3 Ra6 22. Ned6 Bxf3 23. Qxf3 Bxd6 24. Nxd6 Ne7 25. Nxb7 Rb8 
26. Nd6 Rxb2 27. Qh5 Nd5 28. Nf5 Nc3 29. Qg6 Kh8 30. Re4 Ra7 
31. Rh4 Qf7 32. Qg4 Kh7 33. Re1 Qg6 34. Qf3 Qg5 35. Rg4 Qd2 
36. Rf1 Qe2 37. Nxd4 exd4 38. Qf5+ Kg8 39. Qc8+ Kf7 40. Rxd4 Qf3 
41. Rd7+ Rxd7 42. Qxd7+ Kg8 43. h3 Ne2+ 44. Kh2 Nxg3 0-1

[Event "Skakligaen 2023-24"]
[Site "Denmark"]
[Date "2024.03.03"]
[Round "7.5"]
[Board "5"]
[White "Storme, Isak"]
[Black "Rostgaard, Tobias Valentin"]
[Result "1-0"]
[WhiteElo "2439"]
[BlackElo "2327"]
[PlyCount "91"]
[WhiteTeam "Hillerod"]
[BlackTeam "BMS"]
[WhiteTeamCountry "DEN"]
[BlackTeamCountry "DEN"]
[EventDate "2023.10.28"]
[EventType "team-tourn"]
[EventRounds "9"]
[EventCountry "DEN"]
[SourceTitle "Jacob Pallesen"]
[Table "5"]

1. e4 e5 2. Nf3 Nf6 3. Nxe5 d6 4. Nf3 Nxe4 5. Nc3 Nxc3 
6. dxc3 Be7 7. Be3 O-O 8. Qd2 Nd7 9. O-O-O Nf6 10. Bd3 c5 
11. Rhe1 Qa5 12. a3 Re8 13. Bg5 Be6 14. Qf4 h6 15. Bxh6 c4 
16. Rxe6 fxe6 17. Bxc4 gxh6 18. Qxh6 Qf5 19. Bxe6+ Qxe6 20. Qg6+ Kf8 
21. Qh6+ Kg8 22. Qg6+ Kf8 23. Ng5 Qc4 24. Qh6+ Kg8 25. Qg6+ Kf8 
26. b3 Qf4+ 27. Kb2 Qxg5 28. Qxg5 Kf7 29. Qf5 Rg8 30. Rg1 Rac8 
31. Re1 Rce8 32. g3 d5 33. Re3 Rg7 34. h4 Kf8 35. h5 Rf7 
36. Rf3 Bd6 37. g4 Ree7 38. Qg6 Be5 39. h6 d4 40. g5 dxc3+ 
41. Ka2 Nh7 42. Rf5 Ke8 43. f4 Nf8 44. Qh5 Bh8 45. Rxf7 Rxf7 
46. f5 1-0

[Event "Skakligaen 2023-24"]
[Site "Denmark"]
[Date "2024.03.03"]
[Round "7.6"]
[Board "6"]
[White "Seegert, Kristian"]
[Black "Borge, Nikolaj"]
[Result "0-1"]
[WhiteElo "2211"]
[BlackElo "2379"]
[PlyCount "79"]
[WhiteTeam "BMS"]
[BlackTeam "Hillerod"]
[WhiteTeamCountry "DEN"]
[BlackTeamCountry "DEN"]
[EventDate "2023.10.28"]
[EventType "team-tourn"]
[EventRounds "9"]
[EventCountry "DEN"]
[SourceTitle "Jacob Pallesen"]
[Table "6"]

1. e4 c5 2. Nf3 e6 3. d4 cxd4 4. Nxd4 Nc6 5. Nc3 Qc7 
6. Be3 a6 7. Bd3 Nf6 8. O-O Nxd4 9. Bxd4 Bd6 10. h3 b5 
11. Qe2 e5 12. f4 O-O 13. fxe5 Bxe5 14. Bxe5 Qxe5 15. Rf5 Qd4+ 
16. Kh1 d6 17. Rf3 Be6 18. Rd1 Qe5 19. Qf2 Nd7 20. Nd5 Bxd5 
21. exd5 Qxb2 22. Qh4 g6 23. Qe7 Rad8 24. Rxf7 Rfe8 25. Qh4 Kxf7 
26. Qxh7+ Qg7 27. Bxg6+ Kf8 28. Rf1+ Nf6 29. Qh4 Ke7 30. Qe1+ Kd7 
31. Bxe8+ Rxe8 32. Qc3 Re2 33. Qf3 Ne4 34. g4 Qe5 35. Qf7+ Kc8 
36. Qf8+ Kc7 37. Rf7+ Kb6 38. Qd8+ Kc5 39. Qc7+ Kb4 40. a3+ 0-1

[Event "Skakligaen 2023-24"]
[Site "Denmark"]
[Date "2024.03.03"]
[Round "7.7"]
[Board "7"]
[White "Aagaard, Jacob"]
[Black "Vesterli, Michael E"]
[Result "1/2-1/2"]
[WhiteElo "2428"]
[BlackElo "2194"]
[PlyCount "91"]
[WhiteTeam "Hillerod"]
[BlackTeam "BMS"]
[WhiteTeamCountry "DEN"]
[BlackTeamCountry "DEN"]
[EventDate "2023.10.28"]
[EventType "team-tourn"]
[EventRounds "9"]
[EventCountry "DEN"]
[SourceTitle "Jacob Pallesen"]
[Table "7"]

1. d4 Nf6 2. Nf3 g6 3. c4 Bg7 4. Nc3 O-O 5. Bg5 d6 
6. e3 Nbd7 7. Qc2 c6 8. Be2 Qc7 9. O-O e5 10. Rfd1 Re8 
11. Rac1 Nf8 12. dxe5 dxe5 13. Bxf6 Bxf6 14. Ne4 Be7 15. c5 Bf5 
16. Nfd2 Red8 17. b4 a5 18. a3 axb4 19. axb4 b5 20. Qb2 Nd7 
21. Nc3 Nf6 22. Bf3 Bd3 23. e4 Ne8 24. Nb3 Bg5 25. Ra1 Rxa1 
26. Qxa1 Ng7 27. Nd5 cxd5 28. Rxd3 dxe4 29. Bxe4 Ne6 30. Qa6 Rxd3 
31. Bxd3 Qd8 32. Qd6 Nc7 33. Bf1 Qxd6 34. cxd6 Nd5 35. Bxb5 Nxb4 
36. Na5 Nc2 37. Bc4 Nd4 38. Bd5 Kf8 39. Nb7 Ke8 40. Nc5 Bd8 
41. g3 f6 42. Kg2 Bb6 43. Ne4 Bd8 44. h4 Kd7 45. Bg8 h6 
46. Bh7 1/2-1/2

[Event "Skakligaen 2023-24"]
[Site "Denmark"]
[Date "2024.03.03"]
[Round "7.8"]
[Board "8"]
[White "Akdag, Dara Sevkan"]
[Black "Ostergaard, Jens"]
[Result "0-1"]
[WhiteElo "2177"]
[BlackElo "2253"]
[PlyCount "100"]
[WhiteTeam "BMS"]
[BlackTeam "Hillerod"]
[WhiteTeamCountry "DEN"]
[BlackTeamCountry "DEN"]
[EventDate "2023.10.28"]
[EventType "team-tourn"]
[EventRounds "9"]
[EventCountry "DEN"]
[SourceTitle "Jacob Pallesen"]
[Table "8"]

1. f4 c5 2. Nf3 Nc6 3. g3 g6 4. Bg2 Bg7 5. O-O d5 
6. d3 e6 7. e4 Nge7 8. e5 b6 9. c4 Bb7 10. Nc3 O-O 
11. Qe2 Qd7 12. Bd2 Rad8 13. Rad1 a6 14. Bc1 Nd4 15. Qf2 Nef5 
16. Rfe1 f6 17. exf6 Nxf3+ 18. Bxf3 Bxf6 19. Qg2 Nd4 20. Bg4 h5 
21. Bh3 dxc4 22. Ne4 cxd3 23. Rxd3 Bxe4 24. Qxe4 Ne2+ 25. Qxe2 Qxd3 
26. Qxe6+ Kg7 27. Qxb6 Rfe8 28. Rf1 Re2 29. Qb7+ Kh8 30. Bg2 Rde8 
31. Qf3 Qxf3 32. Bxf3 Rc2 33. f5 Bd4+ 34. Kh1 gxf5 35. Bxh5 Re6 
36. Rd1 Be3 37. Bxe3 Rxe3 38. Rb1 Re7 39. Bf3 Rh7 40. Bg2 Rd7 
41. Bf1 a5 42. a4 Rdd2 43. b3 Rxh2+ 44. Kg1 Rh5 45. Bc4 Rg5 
46. Rf1 Rxg3+ 47. Kh1 Rg5 48. Be6 Rc3 49. Kh2 Kg7 50. Bc4 Re3 
0-1